¿Defensa de los derechos humanos desde la perspectiva económica?/
Guardado en:
| 主要作者: | |
|---|---|
| 格式: | 圖書 |
| 語言: | Spanish |
| 標簽: |
添加標簽
沒有標簽, 成為第一個標記此記錄!
|
MARC
| LEADER | 00000nam a22000007a 4500 | ||
|---|---|---|---|
| 003 | cru CIDCACS/IIS | ||
| 005 | 20190123160259.0 | ||
| 007 | ta | ||
| 008 | 190123s2012 cr |||p|r||||||0| ||spa|d | ||
| 999 | |c 42111 |d 42111 | ||
| 040 | |c cru CIDCACS/IIS | ||
| 100 | 1 | |9 8280 |a Zeledón, Ana Karina | |
| 245 | 1 | 1 | |a ¿Defensa de los derechos humanos desde la perspectiva económica?/ |c Ana Karina Zeledón |
| 300 | |a páginas 18-20: |b foto | ||
| 773 | 0 | |0 42103 |9 2613 |d San José, Costa Rica: INAMU |o 18273 |t Revista Olimpia / |x 16592654 | |
| 942 | |2 ddc |c PP | ||
